|
|
|
|
| LEADER |
00000nam0a2200000 4500 |
| 001 |
16414 |
| 005 |
20231030190530.0 |
| 035 |
|
|
|a (RuTPU)RU\TPU\book\16538
|
| 035 |
|
|
|a BOOK00001226
|
| 090 |
|
|
|a 16414
|
| 100 |
|
|
|a 20011209d1957 k y0rusy50 ca
|
| 101 |
0 |
|
|a rus
|
| 102 |
|
|
|a RU
|
| 105 |
|
|
|a a z 000zy
|
| 200 |
1 |
|
|a Военное искусство феодального периода войны
|
| 210 |
|
|
|d 1957
|
| 215 |
|
|
|a 654 с.
|c ил.
|
| 461 |
|
|
|t История военного искусства
|v Т. 2
|f Е. А. Разин
|d 1957
|
| 606 |
1 |
|
|a Военное искусство
|x Русское
|2 stltpush
|3 (RuTPU)RU\TPU\subj\38261
|
| 610 |
1 |
|
|a история
|
| 610 |
1 |
|
|a Россия
|
| 610 |
1 |
|
|a военное дело
|
| 610 |
1 |
|
|a военное искусство русское
|
| 610 |
1 |
|
|a феодализм
|
| 610 |
1 |
|
|a древнерусское государство
|
| 686 |
|
|
|a Т3(2)4
|v LBC/SL-A
|2 rubbk
|
| 686 |
|
|
|a Ц35(2)
|v LBC/SL-A
|2 rubbk
|
| 801 |
|
0 |
|a RU
|b 63413507
|c 20011209
|g PSBO
|
| 801 |
|
2 |
|a RU
|b 63413507
|c 20181225
|g PSBO
|
| 942 |
|
|
|c BK
|